000 00738nam a2200205Ii 4500
003 JO-AjNU
008 230605s9999||||xx |||||||||||||| ||und||
040 _aJO-AjNU
_bara
_erda
_cJO-AjNU
041 _aara
050 1 4 _aPN6519 2003
100 3 _aغنيم، محمد عبد القادر,
_eauthor
_918344
245 0 0 _aمختارات من الأمثال السائرة في القرآن والحديث والعربية الزاهرة
250 _aط1
264 3 1 _aعمان: دار الكرمل للنشر والتوزيع، 2003
300 _a211ص
336 _atext
_btxt
_2rdacontent
337 _aunmediated
_bn
_2rdamedia
338 _avolume
_bnc
_2rdacarrier
650 4 _aالأدب العربي - قصص - الأردن
_918345
999 _aA5849
_c9417
_d9417